Analysis and design of heating, ventilating, and air-conditioning systems /

Bibliographic Details
Main Author: Stanford, Herbert W., III
Format: Book
Language:English
Published: Englewood Cliffs, N.J. : Prentice-Hall, [1988]
Subjects:

MARC

Tag First Indicator Second Indicator Subfields
LEADER 00000cam a22000008a 4500
001 in00000019815
005 20191012063716.0
008 870825s1988 njua b 00110 eng
010 |a  87007194  
020 |a 0130330442 
035 |a (OCoLC)16681950 
035 |9 AAB2640AM 
040 |a DLC  |c DLC  |d TXA  |d UtOrBLW 
049 |a TXAM  |c [A11100844] 
050 0 0 |a TH7345  |b .S73 1988 
082 0 |a 697  |2 19 
100 1 |a Stanford, Herbert W.,  |c III. 
245 1 0 |a Analysis and design of heating, ventilating, and air-conditioning systems /  |c Herbert W. Stanford, III ; with Paykan Safemazadarani. 
263 |a 8801 
264 1 |a Englewood Cliffs, N.J. :  |b Prentice-Hall,  |c [1988] 
264 4 |c ©1988 
300 |a xiv, 450 pages :  |b illustrations 
336 |a text  |b txt  |2 rdacontent 
337 |a unmediated  |b n  |2 rdamedia 
338 |a volume  |b nc  |2 rdacarrier 
504 |a Includes bibliographies and index. 
650 0 |a Heating  |x Equipment and supplies  |x Design and construction. 
650 0 |a Air conditioning  |x Equipment and supplies  |x Design and construction. 
650 0 |a Ventilation  |x Equipment and supplies  |x Design and construction. 
999 |a MARS 
999 f f |s 5b101904-88e3-3e18-ad77-c0e9bcc2b922  |i a43cd35f-a55e-3c6d-b79e-2cbe508c65da  |t 0 
952 f f |p normal  |a Texas A&M University  |b College Station  |c Sterling C. Evans Library  |d Evans: Library Stacks  |t 0  |e TH7345 .S73 1988  |h Library of Congress classification  |i unmediated -- volume  |m A14824967166 
998 f f |a TH7345 .S73 1988  |t 0  |l Evans: Library Stacks